Population Projections Bhutan 2017-2047 (Record no. 7657)

MARC details
000 -LEADER
fixed length control field 00341nam a22001217a 4500
008 - FIXED-LENGTH DATA ELEMENTS--GENERAL INFORMATION
fixed length control field 190220b ||||| |||| 00| 0 eng d
020 ## - INTERNATIONAL STANDARD BOOK NUMBER
International Standard Book Number 9789993628729
082 ## - DEWEY DECIMAL CLASSIFICATION NUMBER
Classification number 315.498 P96p 2019
245 ## - TITLE STATEMENT
Title Population Projections Bhutan 2017-2047
260 ## - PUBLICATION, DISTRIBUTION, ETC.
Place of publication, distribution, etc. Thimphu ;
Name of publisher, distributor, etc. National Statistics Bureau,
Date of publication, distribution, etc. 2019.
300 ## - PHYSICAL DESCRIPTION
Extent x, 69 p.
Dimensions 28 cm.
942 ## - Added entry Elements (Koha)
Source of classification or shelving scheme Dewey Decimal Classification
Holdings
Withdrawn status Lost status Source of classification or shelving scheme Damaged status Not for loan Collection code Home library Current library Shelving location Date acquired Serial Enumeration / chronology Total Checkouts Full call number Barcode Date last seen Price effective from Koha item type
    Dewey Decimal Classification     Periodicals RTC Library RTC Library Periodicals 20/02/2019 13449   315.498 P96p 2019 30013560 20/02/2019 20/02/2019 Periodicals
Royal Thimphu College || All Right Reserved